| 000 | 00452nam a2200169Ia 4500 | ||
|---|---|---|---|
| 008 | 230524s9999 xx 000 0 und d | ||
| 020 | _a1403930295 | ||
| 082 |
_a540 _bKAP |
||
| 100 | _aK.L.Kapoor | ||
| 245 | 2 | _aA Text Book of Physical Chemistry Vol-4: (Quantum Chemistry & Mole.Spectroscopy) | |
| 250 | _a3RD | ||
| 260 |
_aNEW DELHI _bMacmillan _c2007 |
||
| 300 | _aXIV;703 | ||
| 500 | _aQuantity Number: 5 | ||
| 650 | _aChemistry | ||
| 942 | _cBK | ||
| 999 |
_c46317 _d46317 |
||